| 000 | 00345nam a22001577a 4500 | ||
|---|---|---|---|
| 003 | SGT | ||
| 020 | _a9788126515547 | ||
| 082 |
_a615.19 _bC19L |
||
| 100 | _aLEE, J. D | ||
| 245 | _aCONCISE INORGANIC CHEMISTRY | ||
| 260 |
_aNEW DELHI _bWILEY _c2019 |
||
| 300 | _a1032 | ||
| 650 | _aCHEMISTRY | ||
| 653 | _aCONCISE INORGANIC | ||
| 942 |
_2ddc _cBK |
||
| 999 |
_c22944 _d22944 |
||